Statistiques concernant Culture Générale - Série 1229

Cliquez ici pour prendre le quiz!

Statistiques générales

  • Ce quiz a été pris 39 fois
  • Le résultat moyen est 6 sur 10

Statistiques - réponses

Question Réponse % Correct
Si la chouette qui est essentiellemnt active la nuit est dite rapace nocturne, le faucon surtout actif le jour est dit rapace...diurne
97%
Combien font 11 multipliés par 11 ?121
97%
En France, qui présentait l'émission télévisée "Le Maillon faible" ?Laurence Boccolini
71%
En 1986, quel groupe nous explique que “les histoires d'amour finissent mal, en général” ?Rita Mitsouko
61%
Au fond de quel golfe la plate-forme pétrolière Deepwater Horizon a-t-elle sombré en avril 2010, provoquant ainsi une catastrophe écologique ?golfe du Mexique
61%
Dans la bande dessinée “Astérix”, quelle est la profession de Iélosubmarine, la femme d'Ordralfabetix ?poissonnière
47%
Quel réalisateur français, prénommé Jean-Jacques, dirige Jude Law dans le film "Stalingrad", sorti en 2001 ?Jean-Jacques Annaud
47%
Selon la mythologie grecque, de quel roi de Crète, Pasiphaé, la mère du Minotaure, était-elle l'épouse ?Minos
39%
Quel chanteur italien connaît un succès international, en 1990, avec le titre : "Se Bastasse Una Canzone" ?Eros Ramazzotti
34%
À quelle partie du corps se rapporte l'adjectif "inguinal" ?aine
21%

Distribution des résultats

Percentile par nombre de réponses

% des personnes avec chaque résultat

Votre développement - résultats

Vous n’avez pas pris ce quiz